Advanced engineering mathematics / (Record no. 29085)

000 -LEADER
fixed length control field 00414 a2200145 4500
003 - CONTROL NUMBER IDENTIFIER
control field NUST
005 - DATE AND TIME OF LATEST TRANSACTION
control field 20180118160415.0
008 - FIXED-LENGTH DATA ELEMENTS--GENERAL INFORMATION
fixed length control field 180118b xxu||||| |||| 00| 0 eng d
020 ## - INTERNATIONAL STANDARD BOOK NUMBER
International Standard Book Number 0471728977
020 ## - INTERNATIONAL STANDARD BOOK NUMBER
International Standard Book Number 9780471728979
082 ## - DEWEY DECIMAL CLASSIFICATION NUMBER
Classification number 620.0042 KRE
100 1# - MAIN ENTRY--PERSONAL NAME
Personal name Kreyszig, Erwin.
9 (RLIN) 572
245 10 - TITLE STATEMENT
Title Advanced engineering mathematics /
Statement of responsibility, etc. Erwin Kreyszig.
250 ## - EDITION STATEMENT
Edition statement 9th Edition, International Edition.
260 ## - PUBLICATION, DISTRIBUTION, ETC.
Place of publication, distribution, etc. [S.l.] :
Name of publisher, distributor, etc. John Wiley & Sons,
Date of publication, distribution, etc. 2006.
300 ## - PHYSICAL DESCRIPTION
Extent 1248 p. ;
Dimensions 26 cm.
942 ## - ADDED ENTRY ELEMENTS (KOHA)
Institution code [OBSOLETE] SNS
Koha item type Book
Call number prefix 620.0042 KRE
Source of classification or shelving scheme
Holdings
Withdrawn status Lost status Damaged status Not for loan Permanent Location Current Location Date acquired Total Checkouts Full call number Barcode Date last seen Date last checked out Price effective from Koha item type
        School of Natural Sciences (SNS) School of Natural Sciences (SNS) 05/26/2016 1 620.0042 KRE SNS0000386 06/15/2023 02/10/2023 05/26/2016 Book
© 2023 Central Library, National University of Sciences and Technology. All Rights Reserved.